Записка (черновик) Шиллинга "О торговом значении портов Китая"

Доступно только в Электронных читальных залах Найти на картеНа карте
RUSMARC
00003622nac2a22002413x 450
00158c82dc1-c6d0-46c2-b246-866868cf1040
00520211213185143.0
100##$a20211120l18941894k y0rusy50 ca
1010#$arus
102##$aRU
105##$ay z |||||
1222#$ad18941029
$ad18941030
2001#$aЗаписка (черновик) Шиллинга "О торговом значении портов Китая"
$j29 октября 1894 - 30 октября 1894
215##$a12 листов
251##$cДело
300##$aРукописный текст
330##$aВходит в раздел описи: 3. Документы о научной и литературной деятельности барона Шиллинга М. Ф.
461#0$1001ff9fc58f-089b-437b-980d-902343bc59d8
$12001
$aШиллинг Маврикий Фабианович, барон, секретарь русского посольства в Вене
$1251
$cФонд
$1852
$j813
462#0$1001665c067c-d934-4316-b9df-5bf0ad49190b
$12001
$aДела постоянного хранения. 1817-1917
$vД. 68
$1251
$cОпись
$1852
$j1
600#1$aШиллинг
$bМ. Ф.
$cбарон
$gМаврикий Фабианович
801#0$aRU
$bGA_RF
801#1$aRU
$bГлавНИВЦ
$c20211120
$2rusmarc
801#2$aRU
$bПБ им. Б.Н. Ельцина
$c20211213
$gRCR
$2rusmarc
852##$aГА РФ
$j68
937##$d171543873
$hГАРФ
035##$aRuPRLIB51060952
856##$uhttp://readingroom.main.prlib.ru/item.aspx?id_node=n171543873&mode=full
Формат отображения